000 00490nam a2200157 4500
008 160930b xxu||||| |||| 00| 0 eng d
022 _a16565649
082 _aDPer 303.405 H22 May-Sept 2015 n. 6-10
100 _915625
_aWanzi, Koh
245 _aThe beasts unleashed/
_cKoh Wanzi.
260 _aQuezon City:
_bHardware Zone Phils. Corp.,
_cc2015.
300 _av11 i10, pages 62-70;
_c30 cm.
500 _aHWM Philippines.
650 0 _915626
_aComputer peripherals
942 _2ddc
_cPER
999 _c4981
_d4981